| 000 | 00478cam a2200193ua 4500 | ||
|---|---|---|---|
| 020 | _c13 | ||
| 041 |
_aeng _h |
||
| 082 |
_a425 _bECK/CO |
||
| 100 | _aEckersley, C E . | ||
| 245 |
_aComprehensive English grammour : For foreign Students / _cV M Eckersley. _hTextual Documents |
||
| 250 |
_a1 / _b. |
||
| 260 |
_aLondon : _bLongmans , _c1960. |
||
| 300 | _a433 ; . | ||
| 365 | _a13 | ||
| 504 | _a | ||
| 700 | 1 | _aEckersley, V M . | |
| 942 | _cBK | ||
| 999 |
_c3209 _d3209 |
||